000 00332nam a2200133Ia 4500
008 250520s9999 xx 000 0 und d
020 _a9789351361633
100 _aMOHAN, P.C.S.JAGAN
245 0 _aEAGLES OVER BANGLADESH
260 _bHARPER COLLINS PUBLISHERS, NOIDA
_c2013
300 _a426
650 _aGeneral
942 _cBK
999 _c220643
_d220643